| 000 | 00884nam a22002657i 4500 | ||
|---|---|---|---|
| 003 | URS | ||
| 005 | 20220117150904.0 | ||
| 008 | 160621b xxu||||| |||| 00| 0 eng d | ||
| 020 | _a9781259254420 | ||
| 040 |
_beng _cURS _erda |
||
| 050 | 0 | 0 |
_aHD 58.7 _b.N479 2015 |
| 100 | 1 |
_aNewstrom, John W. _eauthor. |
|
| 245 | 1 | 0 |
_aOrganizational behavior : _bhuman behavior at work / _cJohn W. Newstrom, Ph.D., University of Minnesota Duluth. |
| 250 | _aFourteenth Edition. | ||
| 264 | 1 |
_aNew York, NY : _bMcGraw-Hill Education, _c[2015]. |
|
| 264 | 4 | _c©2015. | |
| 300 |
_axx, 556 pages: _billustrations ; _c26 cm |
||
| 336 |
_atext _2rdacontent |
||
| 337 |
_aunmediated _2rdamedia |
||
| 338 |
_avolume _2rdacarrier |
||
| 504 | _aIncludes bibliographical references(pages 528 -542) and index. | ||
| 650 | 0 | _aOrganizational behavior. | |
| 650 | 0 | _aIndustrial sociology. | |
| 942 |
_2lcc _cFR |
||
| 999 |
_c15979 _d15979 |
||